000 01320nam0a22003131 4500
001 rc\3408799
005 20130115140231.1
021 _aRU
_b[73-9672]
035 _a(NLR Aleph) 007576984
090 _a5466873
_c5466873
100 _a20130115d1973 |||y0rusy50 ca
101 0 _arus
102 _aRU
105 _aa z |||||
200 1 _aРусский язык
_eУчеб. пособие для ст. классов нац. школ [РСФСР]
_fПод ред. С.Г. Бархударова и К.А. Гадельшина
205 _a5-е изд.
210 _aЛенинград
_cПросвещение. Ленингр. отд-ние
_d1973
215 _a336 с.
_cил.
_d22
300 _aПеред загл. авт.: К.А. Гадельшин, М.Н. Мангадаев, Г.Н. Никольская и др.
606 _aРусский язык
_jУчебники и пособия для нерусских школ
_2psbo
701 1 _aМангадаев
_bМ. Н.
701 1 _aНикольская
_bГ. Н.
701 1 _aГадельшин
_bК. А.
_gКамельян Атауллович
_4340
702 1 _aБархударов
_bС. Г.
_gСтепан Григорьевич
_4340
801 0 _aRU
_bNLR
_gpsbo
801 1 _aRU
_bELAR
_2rusmarc
852 _aNLR
_j72-5/5591
942 _cBOOK
980 _aNB